| 000 | 00805nam0a22002411 4500 | ||
|---|---|---|---|
| 001 | v19\rc\1960774 | ||
| 005 | 20250619212324.0 | ||
| 035 | _a(NLR Aleph) 005044591 | ||
| 090 |
_a6829718 _c6829718 |
||
| 100 | _a20080428d1913 |||y0rusy50 ca | ||
| 101 | 0 | _arus | |
| 102 | _aRU | ||
| 105 | _aa z ||||| | ||
| 200 | 1 |
_aСтерилизация съестных припасов как необходимая отрасль каждого хозяйства _fКонсерваторы фирмы И. Вэк |
|
| 210 |
_aРига _cтип. В.Ф. Геккера _d1913 |
||
| 215 |
_a16 с. _cил. _d21 |
||
| 712 | 0 | 2 |
_aВэк, И., фирма _cБаден |
| 801 | 0 |
_aRU _bNLR _gpsbo |
|
| 801 | 0 |
_aRU _bRuMoRGB _2psbo |
|
| 801 | 1 |
_aRU _bProSoft-M _2rusmarc |
|
| 852 |
_aNLR _j18.258.8.456 |
||
| 942 | _cBOOK | ||
| 980 | _aNB | ||